000 00710nas a2200229 4500
001 BR2014004686
003 BR-BrBNA
005 20231205124318.0
007 ta
008 230509b bl.|||p| |||| 00| 00por d
040 _aBR-BrBNA
_bpor
_cBiblioteca Nacional de Agricultura
041 _a(Pt)
072 _aF61
100 1 _aOliveira, R.R. de
245 1 _aImportância das bromélias epífitas na ciclagem de nutrientes da Floresta Atlântica
650 _aBROMÉLIA
650 _aNUTRIENTE
650 _aFLORESTA
773 0 _tActa Botanica Brasilica (Brazil)
_xISSN 0102-3306
_g(Oct-Dec 2004), v. 18(4) p. 793-799
_wBR2014004686
909 _a202311
_bLúcia
_c55
_dLúcia Elande
942 _2AGRIS
_n0
_cANA
999 _c238426
_d238426